| 000 | 01049nam0a2200301 4500 | ||
|---|---|---|---|
| 001 | RU\NLR\bibl\899609 | ||
| 005 | 20260405073535.0 | ||
| 010 |
_a5-9533-0989-9 _95000 |
||
| 021 |
_aRU _b2005-71180 _93506 |
||
| 035 | _a(NLR Aleph) 000888052 | ||
| 090 |
_a1700802 _c1700802 |
||
| 100 | _a20060124d2005 |||y0rusy50 ca | ||
| 101 | 0 | _arus | |
| 102 | _aRU | ||
| 105 | _aa ||||||||| | ||
| 200 | 1 |
_aГотовим собаку к выставке _fО.В. Фролова |
|
| 210 |
_aМосква _cВече _d2005 |
||
| 215 |
_a61, [2] с. _cил. _d20 |
||
| 225 | 1 | _aЖивотные в вашем доме | |
| 606 | 1 |
_aСобаки _jПопулярные издания _xПодготовка к выставкам _92415567 _3RU\NLR\auth\661438907 |
|
| 686 | _aП673я9 | ||
| 700 | 1 |
_4070 _8rus _7ca _aФролова _bО. В. _cкинолог _gОльга Владиславовна _3RU\NLR\auth\7725674 _98721 |
|
| 801 | 0 |
_aRU _bNLR _c20060124 _grcr |
|
| 801 | 1 |
_aRU _bNLR _c20060124 |
|
| 942 | _cBOOK | ||
| 980 | _aNB | ||